[Event "C.to Provinciale MB"]
[Site "Barlassina ITA"]
[Date "2012.02.04"]
[Round "3"]
[White "Ronconi, Fausto"]
[Black "Falchi, Claudio"]
[Result "0-1"]
[WhiteElo "1726"]
[BlackElo "1777"]
[PlyCount "118"]
[EventDate "2012.02.03"]

1. c4 e5 2. Nc3 Nc6 3. Nf3 g6 4. g3 Bg7 5. Bg2 d6 6. O-O f5 7. d3 Nf6 8. Nd5
O-O 9. Ng5 h6 10. Nxf6+ Qxf6 11. Bd5+ Kh8 12. h4 Qe7 13. Kg2 hxg5 14. hxg5 Be6
15. Rh1+ Kg8 16. e4 f4 17. Qg4 f3+ 18. Kf1 Nd4 19. Qh4 Kf7 20. Qg4 Rh8 21. Rh4
Rxh4 22. gxh4 Rh8 23. Be3 Ke8 24. Qg3 c6 25. Bxe6 Qxe6 26. Bxd4 exd4 27. Qxf3
Rxh4 28. Ke2 Qg4 29. Rd1 Qxg5 30. b4 Rf4 31. Rg1 Qxg1 32. Qxf4 Be5 33. Qh6 Qg4+
34. Kf1 Qh5 35. Qd2 Qh3+ 36. Ke2 Qg4+ 37. Kf1 Bf4 38. Qc2 Qh3+ 39. Ke2 Qh5+ 40.
Kf1 Qh1+ 41. Ke2 Qc1 42. Qa4 Qd2+ 43. Kf3 a6 44. b5 Bh6 45. bxc6 Qxd3+ 46. Kg2
Qxe4+ 47. Kf1 Qxc6 48. Qc2 Qh1+ 49. Ke2 Qh5+ 50. Kf1 Qf5 51. Qa4+ Ke7 52. Qb3
Qe4 53. f3 Qe3 54. Qxb7+ Kf6 55. Qd5 Bf4 56. a4 d3 57. c5 Qe2+ 58. Kg1 Be3+ 59.
Kh1 Qf1+ 0-1

[Event "C.to Provinciale MB"]
[Site "Barlassina ITA"]
[Date "2012.02.04"]
[Round "3"]
[White "Sala, Pierluigi"]
[Black "Lipari, Alberto"]
[Result "0-1"]
[WhiteElo "1454"]
[BlackElo "1624"]
[PlyCount "130"]
[EventDate "2012.02.03"]

1. d4 g6 2. Nf3 Bg7 3. e4 Nf6 4. Bd3 d6 5. h3 O-O 6. O-O Nc6 7. c3 e5 8. d5 Ne7
9. Re1 c6 10. c4 a6 11. Nc3 Bd7 12. Be3 Ne8 13. Qd2 f5 14. exf5 Bxf5 15. Bxf5
Nxf5 16. Ng5 Nxe3 17. Qxe3 Bh6 18. Nce4 Ng7 19. h4 Nf5 20. Qh3 Bxg5 21. hxg5
Rf7 22. Nf6+ Kh8 23. Re4 Qf8 24. f3 Ne7 25. Kf2 Ng8 26. Rh1 Nxf6 27. gxf6 h5
28. g4 Qh6 29. gxh5 g5 30. dxc6 bxc6 31. c5 Qxf6 32. cxd6 Qxd6 33. Rhe1 Qc5+
34. R1e3 Rf4 35. Qe6 Rxe4 36. Qh6+ Kg8 37. Qg6+ Kh8 38. Qxe4 Re8 39. Qg6 Rf8
40. h6 Qe7 41. Qxc6 g4 42. Qg6 Qh4+ 43. Ke2 gxf3+ 44. Rxf3 Qc4+ 45. Rd3 Qc2+
46. Ke3 Qf2+ 47. Ke4 Qf4+ 48. Kd5 Rg8 49. Qd6 Qf7+ 50. Kc5 Rc8+ 51. Kb6 Qf2+
52. Kb7 Re8 53. Qd7 Qg2+ 54. Rd5 Qxb2+ 55. Kc6 Qc2+ 56. Kd6 Qg6+ 57. Kc7 Ra8
58. Qg7+ Qxg7+ 59. hxg7+ Kxg7 60. Rxe5 a5 61. Kb7 Kf6 62. Kxa8 Kxe5 63. a4 Kd5
64. Ka7 Kc5 65. Ka6 Kb4 0-1

[Event "C.to Provinciale MB"]
[Site "Barlassina ITA"]
[Date "2012.02.04"]
[Round "3"]
[White "Viale, Fabio"]
[Black "Colombo, Luca"]
[Result "0-1"]
[WhiteElo "1812"]
[BlackElo "1887"]
[PlyCount "107"]
[EventDate "2012.02.03"]

1. d4 Nf6 2. c4 e5 3. dxe5 Ng4 4. Nf3 Bc5 5. e3 Nc6 6. Bd2 Ngxe5 7. Nxe5 Nxe5
8. Be2 a5 9. Bc3 d6 10. O-O O-O 11. Nd2 Be6 12. b3 f5 13. Nf3 Nc6 14. Nd4 Nxd4
15. exd4 Bb6 16. d5 Bd7 17. Qd2 Qh4 18. Bf3 f4 19. Bd4 Bxd4 20. Qxd4 Qf6 21.
Qxf6 Rxf6 22. Rae1 Kf7 23. Re2 Re8 24. Rxe8 Kxe8 25. Re1+ Kf7 26. Be4 g6 27. a3
Kg7 28. b4 axb4 29. axb4 Rf8 30. Ra1 Re8 31. f3 Kf6 32. Ra7 Rb8 33. Kf2 Ke5 34.
Ra3 Kd4 35. Bd3 Re8 36. Rb3 Re3 37. Bc2 Rxb3 38. Bxb3 Kc3 39. Bd1 Kxc4 40. h4
Kxd5 41. g3 fxg3+ 42. Kxg3 Ke5 43. f4+ Kf6 44. Bf3 Bc6 45. Bg4 Bd5 46. Kf2 c5
47. bxc5 dxc5 48. Ke3 Ke7 49. Kd3 Kd6 50. Kc3 b5 51. Be2 b4+ 52. Kc2 c4 53. Bf1
Kc5 54. Be2 0-1

[Event "C.to Provinciale MB"]
[Site "Barlassina ITA"]
[Date "2012.02.05"]
[Round "4"]
[White "Calandriello, Michele"]
[Black "Puppi, Simone"]
[Result "1-0"]
[WhiteElo "1595"]
[BlackElo "1648"]
[PlyCount "147"]
[EventDate "2012.02.03"]

1. d4 d5 2. c4 c6 3. Nf3 Nf6 4. Nc3 g6 5. e3 Bg7 6. Be2 O-O 7. O-O Nbd7 8. c5
Qc7 9. Qc2 e5 10. dxe5 Nxe5 11. Nxe5 Qxe5 12. b4 Bg4 13. Bb2 Bxe2 14. Nxe2 Qh5
15. Nd4 Ng4 16. h3 Ne5 17. Qd1 Qh4 18. Rb1 Rfe8 19. Nf3 Qe7 20. Nxe5 Bxe5 21.
Bxe5 Qxe5 22. Re1 a6 23. Qd4 Qc7 24. a3 Re4 25. Qd3 Rae8 26. Red1 Qe5 27. Rbc1
Qb2 28. Rc2 Qe5 29. Rcc1 Rd8 30. Qd2 Qg5 31. Qc3 d4 32. exd4 Rdxd4 33. Rxd4
Rxd4 34. Re1 Qf6 35. Qe3 Rf4 36. f3 Kg7 37. Kh2 Qd4 38. Qxd4+ Rxd4 39. Re7 Rd3
40. a4 Rd4 41. Rxb7 Kf6 42. Rb6 Ke7 43. Rxc6 Rxb4 44. Rxa6 Rb7 45. Kg3 Rc7 46.
Ra5 h6 47. Kf4 f5 48. Rb5 Ke6 49. a5 g5+ 50. Kg3 h5 51. h4 f4+ 52. Kh3 Kd5 53.
hxg5 Kc6 54. Rb4 Kxc5 55. Rxf4 Kd5 56. Kh4 Ke5 57. Rf6 Rh7 58. Rf8 Ke6 59. Rf6+
Ke5 60. a6 Re7 61. Kxh5 Rd7 62. f4+ Ke4 63. f5 Kf4 64. Kh6 Ke3 65. g4 Ra7 66.
Re6+ Kf4 67. Kg6 Ra8 68. Kf7 Kxg5 69. Rg6+ Kf4 70. Kg7 Ke5 71. f6 Ke6 72. f7+
Ke7 73. Rf6 Rf8 74. Re6+ 1-0

[Event "C.to Provinciale MB"]
[Site "Barlassina ITA"]
[Date "2012.02.05"]
[Round "4"]
[White "Carbone, Lorenzo"]
[Black "Ronconi, Fausto"]
[Result "1/2-1/2"]
[WhiteElo "1698"]
[BlackElo "1726"]
[PlyCount "62"]
[EventDate "2012.02.03"]

1. e4 e6 2. Nf3 d5 3. exd5 exd5 4. d4 Bd6 5. Bd3 Nf6 6. O-O O-O 7. c4 dxc4 8.
Bxc4 b6 9. Nc3 Bb7 10. Nb5 Be7 11. Bf4 Na6 12. Re1 Nd5 13. Be5 Bf6 14. Qb3 c6
15. Nd6 Qd7 16. Nxb7 Qxb7 17. Bxd5 Bxe5 18. Rxe5 cxd5 19. Rxd5 Rad8 20. Rh5 g6
21. Rh4 Rd5 22. Qe3 Qd7 23. Re1 Nc7 24. Qh6 f6 25. Rhe4 Rf7 26. Qe3 Kf8 27. h3
Rd6 28. Qh6+ Kg8 29. Qe3 Kf8 30. Qa3 Nb5 31. Qe3 Nc7 1/2-1/2

[Event "C.to Provinciale MB"]
[Site "Barlassina ITA"]
[Date "2012.02.05"]
[Round "4"]
[White "Colombo, Luca"]
[Black "Falchi, Claudio"]
[Result "0-1"]
[WhiteElo "1887"]
[BlackElo "1777"]
[PlyCount "120"]
[EventDate "2012.02.03"]

1. e4 e6 2. d4 d5 3. e5 c5 4. c3 Qb6 5. Nf3 Bd7 6. Be2 cxd4 7. cxd4 Bb5 8. O-O
Bxe2 9. Qxe2 Qa6 10. Qd1 Ne7 11. a3 Nec6 12. Be3 Be7 13. Nbd2 O-O 14. b4 Qd3
15. Qb3 Qxb3 16. Nxb3 a6 17. Rac1 Nd7 18. Nc5 Bxc5 19. bxc5 Na5 20. Nd2 Rfc8
21. f4 f5 22. Rb1 Rab8 23. Rfc1 Rc6 24. Rb2 Rbc8 25. Rcb1 b6 26. cxb6 Rb8 27.
b7 Rc7 28. Kf2 Kf8 29. Ke2 Rcxb7 30. Rxb7 Rxb7 31. Rxb7 Nxb7 32. Nb3 Nb6 33.
Kd3 Nc4 34. Bc1 Ke7 35. Kc3 Kd7 36. Kb4 Kc6 37. Kc3 Kb5 38. h3 g6 39. Na1 Ka4
40. Nc2 a5 41. Ne1 Nxa3 42. Bxa3 Kxa3 43. Nd3 Ka4 44. Nb2+ Kb5 45. Kb3 a4+ 46.
Ka3 Na5 47. Nxa4 Nc6 48. Nc5 Nxd4 49. Nd7 Ne2 50. g3 Kc4 51. Kb2 d4 52. Nf8 Kd5
53. Nxh7 Nxg3 54. Nf8 Ne2 55. Nxg6 Ke4 56. Nf8 Nxf4 57. h4 Kxe5 58. Nd7+ Ke4
59. Nf6+ Ke3 60. Kc2 Ke2 0-1

[Event "C.to Provinciale MB"]
[Site "Barlassina ITA"]
[Date "2012.02.05"]
[Round "4"]
[White "Greco, Umberto"]
[Black "Verderame, Alberto"]
[Result "1/2-1/2"]
[WhiteElo "1700"]
[BlackElo "1425"]
[PlyCount "116"]
[EventDate "2012.02.03"]

1. c4 c6 2. Nc3 e6 3. Nf3 d5 4. b3 Nf6 5. g3 Be7 6. Bg2 Na6 7. O-O Nc7 8. d3 b5
9. Nd4 Bd7 10. Bf4 b4 11. Nb1 O-O 12. Nd2 Re8 13. N2f3 c5 14. Nc2 Bc6 15. Be5
Bd6 16. Bb2 d4 17. Bc1 h6 18. Bd2 e5 19. Qc1 e4 20. Nh4 Ng4 21. dxe4 Bxe4 22.
Bxe4 Rxe4 23. f3 Nxh2 24. fxe4 Nxf1 25. Qxf1 Bxg3 26. Nf5 Be5 27. Bf4 d3 28.
Bxe5 dxc2 29. Bb2 Ne6 30. Re1 Nd4 31. Nxd4 cxd4 32. Qg2 a5 33. e3 Ra6 34. Qxc2
Qg5+ 35. Kf1 Rf6+ 36. Ke2 Qg2+ 37. Kd3 Rf2 38. Re2 Qf1 39. Bxd4 Rxe2 40. Qxe2
Qb1+ 41. Kd2 Qxa2+ 42. Ke1 Qxb3 43. Qg4 Qb1+ 44. Kd2 Qa2+ 45. Kc1 Qa3+ 46. Kd2
Qa2+ 47. Ke1 Qb1+ 48. Ke2 Qc2+ 49. Kf1 Qxc4+ 50. Ke1 Qc1+ 51. Ke2 Qc2+ 52. Ke1
Qc1+ 53. Ke2 g6 54. Qf4 Qc2+ 55. Ke1 Qc1+ 56. Ke2 Qc2+ 57. Ke1 Qc1+ 58. Ke2
Qc2+ 1/2-1/2

[Event "C.to Provinciale MB"]
[Site "Barlassina ITA"]
[Date "2012.02.05"]
[Round "4"]
[White "Lapiccirella, Daniele"]
[Black "Regorda, Vittorio"]
[Result "1-0"]
[WhiteElo "2235"]
[BlackElo "1832"]
[PlyCount "65"]
[EventDate "2012.02.03"]

1. d4 d5 2. c4 c6 3. Nf3 Nf6 4. e3 Bf5 5. Bd3 Bxd3 6. Qxd3 Nbd7 7. O-O g6 8.
Nc3 Bg7 9. cxd5 Nxd5 10. Nxd5 cxd5 11. Qb5 O-O 12. Qxb7 Nb6 13. b3 Qd6 14. Qa6
Rfc8 15. Ba3 Qd7 16. Rfc1 f6 17. Rc5 Bf8 18. Rac1 e6 19. R5c2 Rxc2 20. Rxc2
Bxa3 21. Qxa3 Rc8 22. Rc5 Kf7 23. h3 Rc7 24. Qa5 Rb7 25. Qc3 Na8 26. Ne1 Nc7
27. Qa5 Ne8 28. Nd3 Rc7 29. a4 Rc6 30. Rxc6 Qxc6 31. Qxa7+ Nc7 32. Nc5 Kg8 33.
b4 1-0

[Event "C.to Provinciale MB"]
[Site "Barlassina ITA"]
[Date "2012.02.05"]
[Round "4"]
[White "Lipari, Alberto"]
[Black "Guzzetti, Luigi Enrico"]
[Result "0-1"]
[WhiteElo "1624"]
[BlackElo "1905"]
[PlyCount "78"]
[EventDate "2012.02.03"]

1. c4 Nf6 2. d4 g6 3. Nc3 Bg7 4. Nf3 O-O 5. e4 d6 6. Be2 c5 7. O-O cxd4 8. Nxd4
Nc6 9. Be3 Bd7 10. a3 Rc8 11. Rc1 a6 12. Qd2 Na5 13. b4 Nxc4 14. Bxc4 Rxc4 15.
Qd3 Rc8 16. f4 Ng4 17. h3 Nxe3 18. Qxe3 Qb6 19. Nce2 Bb5 20. Kf2 Bxd4 21. Nxd4
Bxf1 22. Rxf1 e5 23. fxe5 dxe5 24. Ne2 Qxe3+ 25. Kxe3 Rfd8 26. g4 Rc2 27. a4
Rb2 28. Nc3 Rb3 29. Rc1 Kf8 30. b5 Rc8 31. Kd3 axb5 32. axb5 Rxb5 33. Nxb5 Rxc1
34. Kd2 Rb1 35. Nc3 Rb2+ 36. Kc1 Rh2 37. Nd5 Rxh3 38. Nf6 Ke7 39. g5 h5 0-1

[Event "C.to Provinciale MB"]
[Site "Barlassina ITA"]
[Date "2012.02.05"]
[Round "4"]
[White "Mondal, Prince"]
[Black "Burani, Eugenio"]
[Result "0-1"]
[WhiteElo "1768"]
[BlackElo "1878"]
[PlyCount "68"]
[EventDate "2012.02.03"]

1. e4 c5 2. c3 Nf6 3. e5 Nd5 4. d4 cxd4 5. cxd4 d6 6. Nf3 Nc6 7. Bc4 e6 8. O-O
Be7 9. Qe2 O-O 10. Nc3 dxe5 11. dxe5 Nxc3 12. bxc3 Qc7 13. Bb3 b6 14. Bf4 Na5
15. Rac1 Nxb3 16. axb3 Bb7 17. Nd4 Rfd8 18. Rfd1 a6 19. Rd3 g6 20. Rcd1 b5 21.
Qg4 Bd5 22. Bg5 Re8 23. Bxe7 Qxe7 24. Rh3 Rf8 25. Re3 Rad8 26. Rde1 h5 27. Qe2
Kg7 28. f4 Rh8 29. Rf1 h4 30. f5 exf5 31. Rxf5 Bxb3 32. Ref3 Rxd4 33. cxd4 Bc4
34. Rxf7+ Bxf7 0-1

[Event "C.to Provinciale MB"]
[Site "Barlassina ITA"]
[Date "2012.02.05"]
[Round "4"]
[White "Monticelli, Francesco"]
[Black "Barberi, Alessandro"]
[Result "0-1"]
[WhiteElo "1690"]
[BlackElo "2060"]
[PlyCount "58"]
[EventDate "2012.02.03"]

1. e4 g6 2. d4 Bg7 3. Nf3 d6 4. Bc4 a6 5. a4 b6 6. O-O e6 7. Re1 Bb7 8. Nc3 Nd7
9. Bf4 Ne7 10. Qd2 h6 11. h3 Nf6 12. Rad1 Qd7 13. b4 g5 14. Bh2 g4 15. hxg4
Nxg4 16. Bg3 Ng6 17. Nh2 h5 18. Be2 h4 19. Bxd6 Nxf2 20. Kxf2 Qxd6 21. e5 Qxb4
22. Bg4 O-O-O 23. Qe3 Bh6 24. Qd3 Nf4 25. Qe3 Nxg2 26. Qh3 Nxe1 27. Bxe6+ fxe6
28. Qxe6+ Kb8 29. Rxe1 Qxc3 0-1

[Event "C.to Provinciale MB"]
[Site "Barlassina ITA"]
[Date "2012.02.05"]
[Round "4"]
[White "Moroni, Luca jr"]
[Black "Cocconcelli, Lorenzo"]
[Result "1/2-1/2"]
[WhiteElo "2061"]
[BlackElo "1941"]
[PlyCount "107"]
[EventDate "2012.02.03"]

1. e4 e6 2. d4 d5 3. e5 c5 4. c3 Nc6 5. Nf3 Qb6 6. a3 c4 7. Nbd2 Na5 8. g3 Bd7
9. h4 O-O-O 10. Ng5 Nh6 11. Qf3 Be7 12. Qe2 Ba4 13. Bh3 Kb8 14. O-O Bxg5 15.
hxg5 Ng8 16. f4 g6 17. Nf3 Nb3 18. Rb1 Nxc1 19. Rbxc1 Ne7 20. Kg2 h5 21. gxh6
Rxh6 22. Ng5 Rf8 23. Rh1 Be8 24. Bg4 Rfh8 25. Rxh6 Rxh6 26. Rh1 Ng8 27. Qd2 Qb3
28. Bd1 Qb6 29. Kg1 Rxh1+ 30. Kxh1 Ne7 31. Qh2 Qb5 32. Qh8 Kc7 33. Qf8 Kd7 34.
Nxf7 Bxf7 35. Qxf7 Qxb2 36. Ba4+ b5 37. Bxb5+ Qxb5 38. g4 Qb1+ 39. Kh2 Qc2+ 40.
Kg3 Qxc3+ 41. Kh4 Qxd4 42. Kg5 c3 43. f5 Qd2+ 44. Kf6 c2 45. Qxe6+ Kc7 46.
Qxe7+ Kb6 47. Qd6+ Kb5 48. Qd7+ Kc4 49. e6 c1=Q 50. e7 Qg5+ 51. Kf7 Qe1 52.
e8=Q Qxe8+ 53. Kxe8 gxf5 54. gxf5 1/2-1/2

[Event "C.to Provinciale MB"]
[Site "Barlassina ITA"]
[Date "2012.02.05"]
[Round "4"]
[White "Paniga, Danilo"]
[Black "Viale, Fabio"]
[Result "0-1"]
[WhiteElo "1854"]
[BlackElo "1812"]
[PlyCount "118"]
[EventDate "2012.02.03"]

1. d4 Nf6 2. Nf3 b6 3. Nbd2 Bb7 4. c3 e6 5. e3 d5 6. Bd3 Nbd7 7. O-O Be7 8. Qe2
O-O 9. e4 dxe4 10. Nxe4 Nxe4 11. Bxe4 Qc8 12. Bxb7 Qxb7 13. Ng5 Nf6 14. Re1 Qc6
15. Ne4 Nxe4 16. Qxe4 Qxe4 17. Rxe4 c5 18. dxc5 Bxc5 19. Be3 Bxe3 20. Rxe3 Rfd8
21. Kf1 Rd2 22. Re2 Rad8 23. Ke1 R2d3 24. Rc1 Kf8 25. Rec2 R8d5 26. c4 Re5+ 27.
Re2 Rg5 28. g3 Ke7 29. Rd1 Rxd1+ 30. Kxd1 Rg4 31. b3 Rd4+ 32. Kc2 Kd6 33. Kc3
Rd1 34. Rd2+ Rxd2 35. Kxd2 a5 36. a3 Kc5 37. Kc3 e5 38. b4+ axb4+ 39. axb4+ Kc6
40. Kd3 f5 41. Ke3 Kd6 42. Kf3 g6 43. g4 Ke6 44. gxf5+ gxf5 45. Kg3 Kd6 46. Kh4
e4 47. Kg3 Ke5 48. c5 bxc5 49. bxc5 f4+ 50. Kg4 h5+ 51. Kxh5 e3 52. fxe3 fxe3
53. c6 Kd6 54. Kg6 e2 55. h4 e1=Q 56. h5 Qe8+ 57. Kg5 Kxc6 58. h6 Qg8+ 59. Kf6
Qh7 0-1

[Event "C.to Provinciale MB"]
[Site "Barlassina ITA"]
[Date "2012.02.05"]
[Round "5"]
[White "Barberi, Alessandro"]
[Black "Burani, Eugenio"]
[Result "1/2-1/2"]
[WhiteElo "2060"]
[BlackElo "1878"]
[PlyCount "145"]
[EventDate "2012.02.03"]

1. d4 Nf6 2. Nf3 c5 3. e3 g6 4. a3 b6 5. c4 e6 6. d5 exd5 7. cxd5 d6 8. b4 Nbd7
9. Bb2 Bg7 10. Nc3 O-O 11. Qb3 Bb7 12. Be2 Re8 13. O-O Qe7 14. Rad1 Rec8 15. b5
Re8 16. Rfe1 Ng4 17. Bf1 Nde5 18. Nxe5 Qxe5 19. g3 Qf5 20. Re2 Ne5 21. f4 c4
22. e4 Qg4 23. Qc2 Nf3+ 24. Kg2 Nd4 25. Rxd4 Bxd4 26. Na4 Bxb2 27. Nxb2 c3 28.
Qxc3 Bxd5 29. Qd4 Bb7 30. Nc4 Qe6 31. Kg1 d5 32. Ne5 f6 33. Nc6 Bxc6 34. bxc6
Qxc6 35. exd5 Qc5 36. Qxc5 bxc5 37. Rc2 Red8 38. Rxc5 Rac8 39. Rb5 Rc7 40. a4
Kg7 41. a5 Rd6 42. Kf2 f5 43. Ke3 a6 44. Rb6 Rxd5 45. Rxa6 Rcc5 46. Ra7+ Kh6
47. a6 Rc3+ 48. Ke2 Ra3 49. Ke1 Rda5 50. Rd7 Ra1+ 51. Kf2 R5a2+ 52. Kg1 Rxa6
53. Rd2 R6a2 54. Rd3 Rb2 55. Re3 Raa2 56. h3 Ra1 57. Rf3 Kg7 58. Rf2 Rxf2 59.
Kxf2 Ra3 60. Be2 Kf6 61. h4 h6 62. Bc4 Rc3 63. Bd5 g5 64. hxg5+ hxg5 65. fxg5+
Kxg5 66. Bf3 Ra3 67. Be2 Kf6 68. Bf3 Ke5 69. Bc6 Rc3 70. Bb7 Rc2+ 71. Kf3 Rc3+
72. Kf2 Rc2+ 73. Kf3 1/2-1/2

[Event "C.to Provinciale MB"]
[Site "Barlassina ITA"]
[Date "2012.02.05"]
[Round "5"]
[White "Carbone, Lorenzo"]
[Black "Greco, Umberto"]
[Result "0-1"]
[WhiteElo "1698"]
[BlackElo "1700"]
[PlyCount "54"]
[EventDate "2012.02.03"]

1. e4 d6 2. d4 Nf6 3. Bd3 g6 4. c3 Bg7 5. Nf3 O-O 6. O-O Nbd7 7. Na3 c5 8. h3
a6 9. Be3 b5 10. b4 c4 11. Bc2 Bb7 12. d5 Nh5 13. Bd4 Bxd4 14. Nxd4 Rc8 15. g4
Ng7 16. Qe2 Qb6 17. Rad1 e6 18. dxe6 fxe6 19. Bb1 e5 20. Nf3 Ne6 21. Kh2 Nf4
22. Qd2 Nd3 23. Bxd3 Rxf3 24. Bb1 Rcf8 25. Kg2 R8f4 26. Qe2 Rxc3 27. Nc2 Rxe4
0-1

[Event "C.to Provinciale MB"]
[Site "Barlassina ITA"]
[Date "2012.02.05"]
[Round "5"]
[White "Falchi, Claudio"]
[Black "Moroni, Luca jr"]
[Result "0-1"]
[WhiteElo "1777"]
[BlackElo "2061"]
[PlyCount "72"]
[EventDate "2012.02.03"]

1. e4 c5 2. Nc3 d6 3. g3 Nc6 4. Bg2 g6 5. d3 Bg7 6. f4 e6 7. Nf3 Nge7 8. O-O
O-O 9. Be3 Nd4 10. e5 Nef5 11. Bf2 Nxf3+ 12. Qxf3 Nd4 13. Qd1 dxe5 14. fxe5
Bxe5 15. Na4 Nf5 16. c3 Qg5 17. Qe2 Bd6 18. Nxc5 Nxg3 19. hxg3 Bxc5 20. Bxc5
Qxc5+ 21. d4 Qc7 22. Qe5 Qxe5 23. dxe5 Bd7 24. Rad1 Bb5 25. Rf2 Rab8 26. Rfd2
Rfc8 27. a4 Be8 28. Rd4 Kf8 29. Rb4 b6 30. Kf2 Ke7 31. Ke3 a5 32. Rbd4 b5 33.
axb5 Rxb5 34. R4d2 Rxe5+ 35. Kd4 Rg5 36. Rd3 Rg4+ 0-1

[Event "C.to Provinciale MB"]
[Site "Barlassina ITA"]
[Date "2012.02.05"]
[Round "5"]
[White "Guzzetti, Luigi Enrico"]
[Black "Mondal, Prince"]
[Result "1/2-1/2"]
[WhiteElo "1905"]
[BlackElo "1768"]
[PlyCount "88"]
[EventDate "2012.02.03"]

1. e4 c5 2. Nf3 e6 3. d4 cxd4 4. Nxd4 Nf6 5. Nc3 d6 6. Be2 a6 7. O-O Nbd7 8.
Be3 Qc7 9. a4 b6 10. f3 Be7 11. Qd2 Bb7 12. Rfd1 Rc8 13. Bd3 Nc5 14. Bf1 O-O
15. Nb3 Rfd8 16. Qf2 Qb8 17. a5 b5 18. Nxc5 dxc5 19. Rxd8+ Bxd8 20. Bxc5 Nd7
21. Bb4 Bc7 22. g3 Ne5 23. Be2 Nc6 24. Na2 Nxa5 25. Bc5 Be5 26. Ba7 Qa8 27. Nb4
Nc6 28. Nxc6 Rxc6 29. c3 Qc8 30. Bd4 Bd6 31. Rd1 Be7 32. f4 b4 33. f5 bxc3 34.
bxc3 exf5 35. exf5 h6 36. Bf3 Rd6 37. Re1 Bf6 38. Bxb7 Qxb7 39. Bxf6 Rxf6 40.
g4 a5 41. Qg3 Qb6+ 42. Kg2 Qc6+ 43. Qf3 g6 44. Qxc6 Rxc6 1/2-1/2

[Event "C.to Provinciale MB"]
[Site "Barlassina ITA"]
[Date "2012.02.05"]
[Round "5"]
[White "Lipari, Alberto"]
[Black "Calandriello, Michele"]
[Result "0-1"]
[WhiteElo "1624"]
[BlackElo "1595"]
[PlyCount "112"]
[EventDate "2012.02.03"]

1. c4 Nf6 2. d4 g6 3. Nc3 Bg7 4. e4 d6 5. h3 O-O 6. Nf3 e5 7. dxe5 dxe5 8. Bg5
Qxd1+ 9. Rxd1 c6 10. b4 Be6 11. Bh4 h6 12. Bg3 Nfd7 13. a4 f5 14. Nd2 f4 15.
Bh2 Nf6 16. f3 Nbd7 17. c5 Rad8 18. Bc4 Bf7 19. Bxf7+ Kxf7 20. Nc4 b6 21. Bg1
Rb8 22. Ne2 bxc5 23. Nd6+ Kg8 24. bxc5 Rb4 25. Nc3 Rfb8 26. Bf2 Rb3 27. Ne2 Ra3
28. g4 g5 29. h4 Rxf3 30. Nf5 Bf8 31. hxg5 hxg5 32. Ng1 Rbb3 33. Nxf3 Rxf3 34.
Ke2 Rc3 35. Nh6+ Kg7 36. Nf5+ Kg8 37. Nd6 Nxg4 38. Rhg1 Ndf6 39. Ne8 Bh6 40.
Nxf6+ Nxf6 41. Rd8+ Kf7 42. Rd6 Ke7 43. Rxc6 f3+ 44. Kd1 Rd3+ 45. Kc2 Rd7 46.
Rh1 Nxe4 47. Rhxh6 Nxf2 48. Rce6+ Kd8 49. c6 Rf7 50. Rd6+ Kc7 51. Rd5 Rg7 52.
Rxe5 Ng4 53. Ree6 Nxh6 54. Rxh6 g4 55. Kd2 g3 56. Rh1 g2 0-1

[Event "C.to Provinciale MB"]
[Site "Barlassina ITA"]
[Date "2012.02.05"]
[Round "5"]
[White "Monticelli, Francesco"]
[Black "Colombo, Luca"]
[Result "0-1"]
[WhiteElo "1690"]
[BlackElo "1887"]
[PlyCount "74"]
[EventDate "2012.02.03"]

1. e4 c5 2. Nf3 g6 3. d4 cxd4 4. Nxd4 Bg7 5. g3 Nc6 6. Nxc6 bxc6 7. Bg2 d6 8.
O-O Nf6 9. Nc3 Bb7 10. Re1 O-O 11. Bd2 Qc7 12. Qe2 Nd7 13. Rad1 a5 14. Qf3 Ne5
15. Qe3 Nc4 16. Qf3 Nxb2 17. Rb1 Nc4 18. Qd3 Ba6 19. Rb3 Na3 20. Qf3 Nxc2 21.
Rc1 Nd4 22. Qe3 Nxb3 23. axb3 e6 24. h4 Rab8 25. Rb1 Qb6 26. Qf3 Qd4 27. Be1
Qd3 28. Qxd3 Bxd3 29. Rd1 Bc2 30. Rxd6 Rxb3 31. Ne2 Rb1 32. Kf1 Ba4 33. f4 Bb5
34. e5 Rc8 35. Kf2 Bf8 36. Rd7 a4 37. Rb7 a3 0-1

[Event "C.to Provinciale MB"]
[Site "Barlassina ITA"]
[Date "2012.02.05"]
[Round "5"]
[White "Paniga, Danilo"]
[Black "Sala, Pierluigi"]
[Result "1/2-1/2"]
[WhiteElo "1854"]
[BlackElo "1454"]
[PlyCount "73"]
[EventDate "2012.02.03"]

1. d4 d5 2. Nf3 Nf6 3. e3 Bf5 4. Bd3 Bxd3 5. Qxd3 e6 6. O-O Be7 7. Nbd2 O-O 8.
c3 Nbd7 9. e4 dxe4 10. Nxe4 Nxe4 11. Qxe4 c6 12. Re1 h6 13. Bf4 Nf6 14. Qe2 Bd6
15. Ne5 Nd5 16. Bg3 Be7 17. Qg4 Nf6 18. Qf3 Nh7 19. Qe2 Nf6 20. Rad1 Qb6 21.
Bh4 Rad8 22. Rd3 Qc7 23. Rg3 Nh7 24. Qg4 g5 25. Qh5 Kg7 26. Ng4 gxh4 27. Qxh6+
Kh8 28. Rh3 Rg8 29. Ne5 Rg7 30. Re4 Rdg8 31. g3 f5 32. Rexh4 Bxh4 33. Rxh4 Qe7
34. Kf1 Rf8 35. Ng6+ Rxg6 36. Qxg6 Rf7 37. Rh6 1/2-1/2

[Event "C.to Provinciale MB"]
[Site "Barlassina ITA"]
[Date "2012.02.05"]
[Round "5"]
[White "Verderame, Alberto"]
[Black "Ronconi, Fausto"]
[Result "0-1"]
[WhiteElo "1425"]
[BlackElo "1726"]
[PlyCount "94"]
[EventDate "2012.02.03"]

1. d4 d5 2. e3 e6 3. b3 Nf6 4. Ba3 Bxa3 5. Nxa3 c6 6. Nf3 Qa5+ 7. Qd2 Qxa3 8.
Bd3 b6 9. O-O Ba6 10. b4 Qxd3 11. cxd3 Nbd7 12. Ne5 Nxe5 13. dxe5 Nd7 14. f4 c5
15. bxc5 Nxc5 16. Rfc1 Nxd3 17. Rc7 Nc5 18. Qc2 O-O 19. f5 Bd3 20. Qf2 Bxf5 21.
a4 Nd3 22. Qh4 Nxe5 23. Qe7 Ng6 24. Qd7 Ne5 25. Qb5 Bd3 26. Qb2 Nc4 27. Qf2 Bg6
28. Qg3 h6 29. Re1 Nd2 30. Rb7 Nc4 31. Qc7 Rac8 32. Qd7 Ne5 33. Qe7 Nc6 34. Qa3
Be4 35. Rc1 d4 36. exd4 Nxd4 37. Rxc8 Rxc8 38. Rxa7 Rc2 39. Kf1 Bxg2+ 40. Ke1
Re2+ 41. Kd1 Rf2 42. Rd7 Bf3+ 43. Kc1 Rc2+ 44. Kb1 Be4 45. Ka1 Rd2 46. Rd8+ Kh7
47. Qf8 Nb3# 0-1

[Event "C.to Provinciale MB"]
[Site "Barlassina ITA"]
[Date "2012.02.05"]
[Round "5"]
[White "Viale, Fabio"]
[Black "Regorda, Vittorio"]
[Result "1/2-1/2"]
[WhiteElo "1812"]
[BlackElo "1832"]
[PlyCount "66"]
[EventDate "2012.02.03"]

1. d4 d5 2. c4 c6 3. Nf3 Nf6 4. Nc3 a6 5. e3 Bg4 6. Be2 e6 7. Ne5 Bxe2 8. Qxe2
Bd6 9. f4 O-O 10. O-O Nfd7 11. c5 Bxe5 12. fxe5 f5 13. b4 Rf7 14. Qh5 Nf8 15.
Bd2 Nbd7 16. Be1 Ng6 17. Ne2 Ndf8 18. Kh1 h6 19. Nf4 Qg5 20. h4 Qxh5 21. Nxh5
Nh7 22. Rf3 Kh8 23. g3 Ngf8 24. Kg2 g6 25. Nf4 g5 26. Nd3 Ng6 27. h5 Ne7 28.
Bd2 Raf8 29. Rh1 Kg8 30. Rff1 Kg7 31. Be1 Rb8 32. a4 Nf8 33. a5 Nh7 1/2-1/2